000 00196nam a2200085 4500
001 1244687
005 20251023095240.0
245 _aYAŞLI KADIN VE PAPAĞAN
_cVİRGİNİA WOOLF
260 _bSİA KİTAP
999 _c1244687
_d1244687